000
00198 a2200097 4500
001
8607
100
_a
Ajmal,H.H.
245
_a
An introd to lasers
260
_a
_b
Ferozsons
_c
090
_c
6930
_d
6930
942
_a
NUST-CAE
_c
M
_c
33523
999
_c
243680
_d
243680